Chiapas colonial : (Record no. 178361)

MARC details
000 -CABECERA
campo de control de longitud fija 00704nam a2200217 a 4500
005 - FECHA Y HORA DE LA ÚLTIMA TRANSACCIÓN
campo de control 20240224063817.0
008 - ELEMENTOS DE LONGITUD FIJA--INFORMACIÓN GENERAL
campo de control de longitud fija 151022s1989 mx r 000 0 spa d
020 ## - NÚMERO INTERNACIONAL NORMALIZADO PARA LIBROS
Número Internacional Estándar del Libro 9683610420
035 ## - NÚMERO DE CONTROL DEL SISTEMA
Número de control de sistema UPN01000206260
049 ## - COLECCIÓN
Colección CG
050 #4 - SIGNATURA TOPOGRÁFICA DE LA BIBLIOTECA DEL CONGRESO
Número de clasificación F1256
Número de documento/Ítem R8.3
100 1# - ASIENTO PRINCIPAL--NOMBRE PERSONAL
Nombre de persona Ruz, Mario Humberto,
Fechas asociadas al nombre 1952-
9 (RLIN) 38130
245 10 - MENCIÓN DE TÍTULO
Título Chiapas colonial :
Resto del título dos esbozos documentales /
Mención de responsabilidad, etc. Mario Humberto Ruz.
260 ## - PUBLICACIÓN, DISTRIBUCIÓN, ETC.
Lugar de publicación, distribución, etc. México :
Nombre del editor, distribuidor, etc. UNAM, Instituto de Investigaciones Filológicas,
Fecha de publicación, distribución, etc. 1989.
300 ## - DESCRIPCIÓN FÍSICA
Extensión 236 p.
440 #0 - MENCIÓN DE SERIE/ASIENTO SECUNDARIO--TÍTULO
Título Centro de estudios mayas.
Nombre de parte o sección de la obra Cuaderno ;
Designación de volumen o secuencia 21
651 #4 - ASIENTO SECUNDARIO DE MATERIA - NOMBRE GEOGRAFICO
Nombre geográfico CHIAPAS -
Subdivisión general HISTORIA -
Subdivisión cronológica SIGLO XVI
9 (RLIN) 20701
651 #4 - ASIENTO SECUNDARIO DE MATERIA - NOMBRE GEOGRAFICO
Nombre geográfico CHIAPAS -
Subdivisión general HISTORIA -
Subdivisión cronológica SIGLO XVII
9 (RLIN) 24450
905 ## - TIPO DE MATERIAL
Tipo de material Libro
Holdings
Estado de retiro Estado de pérdida Fuente del sistema de clasificación o colocación Estado dañado No para préstamo Código de colección Localización permanente Ubicación/localización actual Ubicación en estantería Fecha de adquisición Total de préstamos Clasificación Código de barras Fecha visto por última vez Fecha del último préstamo Número de copia Tipo de ítem Koha
    Library of Congress Classification     Colección General Bib. Gregorio Torres Quintero Bib. Gregorio Torres Quintero Planta baja 23/11/2022 1 F1256 R8.3 306693 29/11/2022 23/11/2022 1 Libro